La familia de Miguel de Cervantes Saavedra / (Record no. 135616)
[ view plain ]
| 000 -LEADER | |
|---|---|
| campo de control de longitud fija | 00873nam a2200193 i 4500 |
| 001 - NÚMERO DE CONTROL | |
| campo de control | 135616 |
| 003 - IDENTIFICADOR DE NÚMERO DE CONTROL | |
| campo de control | ES-MaACL |
| 005 - FECHA Y HORA DE LA ÚLTIMA TRANSACCIÓN | |
| campo de control | 20240219223341.0 |
| 007 - CAMPO FIJO DE DESCRIPCIÓN FÍSICA--INFORMACIÓN GENERAL | |
| campo de control de longitud fija | t| |
| 008 - DATOS DE LONGITUD FIJA--INFORMACIÓN GENERAL | |
| campo de control de longitud fija | 070720s1922 sp ||||1| spa d |
| 080 ## - NÚMERO DE LA CLASIFICACIÓN DECIMAL UNIVERSAL | |
| Número de la Clasificación Decimal Universal | 929.52 Cervantes Saavedra, Miguel de |
| 100 1# - ENTRADA PRINCIPAL--NOMBRE DE PERSONA | |
| Nombre de persona | Torre y del Cerro, Antonio de la. |
| 9 (RLIN) | 110794 |
| 245 13 - MENCIÓN DEL TÍTULO | |
| Título | La familia de Miguel de Cervantes Saavedra / |
| Mención de responsabilidad, etc. | discurso leído por José de la Torre y del Cerro en su recepción como académico de Ciencias, Bellas Letras y Nobles Artes de Córdoba el día 4 de noviembre de 1922, y el de respuesta al mismo por José María Rey Díaz. |
| 260 ## - PUBLICACIÓN, DISTRIBUCIÓN, ETC. | |
| Lugar de publicación, distribución, etc. | Córdoba : |
| Nombre del editor, distribuidor, etc. | La Comercial, |
| Fecha de publicación, distribución, etc. | 1923. |
| 600 14 - PUNTO DE ACCESO ADICIONAL DE MATERIA--NOMBRE DE PERSONA | |
| Nombre de persona | Cervantes Saavedra, Miguel de, |
| Fechas asociadas al nombre | 1547-1616- |
| Subdivisión general | Familia |
| 9 (RLIN) | 37610 |
| 600 04 - PUNTO DE ACCESO ADICIONAL DE MATERIA--NOMBRE DE PERSONA | |
| Nombre de persona | Cervantes Saavedra, Miguel de, |
| Fechas asociadas al nombre | 1547-1616- |
| Subdivisión general | Genealogía |
| 9 (RLIN) | 37611 |
| 852 ## - LOCALIZACIÓN | |
| Ubicación | ES-MaACL |
| Número de control de estantería | 1664-F-8 |
| Estatus retirado | Estado de pérdida | Estado de daño | No para préstamo | Colección | Biblioteca de origen | Biblioteca actual | Ubicación en estantería | Fecha de adquisición | Fuente de adquisición | Total de préstamos | Signatura topográfica completa | Código de barras | Visto por última vez | Precio de reemplazo | Tipo de ítem Koha |
|---|---|---|---|---|---|---|---|---|---|---|---|---|---|---|---|
| Colección de folletos | Biblioteca del Ateneo de Madrid | Biblioteca del Ateneo de Madrid | Depósito folletos | 17/01/2008 | 1664-F-8 | 1141144 | 23/02/2023 | 23/02/2023 | Folleto |
